=LDR 00000nam 2200000 4500 =001 INLIS000000000033308 =005 20130612135254 =008 ***********************************ind** =035 ##$$a0010-061300000033308 =041 ##$$a ind =082 ##$$a 340.115 =090 ##$$a 340.115, Ali s =100 ##$$a Ali, H. Zainuddin =245 ##$$a Sosiologi hukum, H. Zainuddin Ali =260 ##$$a 2009 $b Jakarta =300 ##$$a viii,160 hlm, 23 hlm =650 ##$$a Sosiologi Hukum =850 ##$$a NBPNMAT =990 ##$$a 93921/BPAP-NTB/2014 =990 ##$$a 21195786/BPAP-NTB/2014